000 005740000a22001930004500
999 _c60135
_d60135
001 768714001
003 CO-MdFUSB
005 20170726144321.0
008 170726s1997 ag ||||| |||| 00| 0 spa d
022 _a0122-2996
040 _aCO-MdFUSB
_cCO-MdFUSB
_dCO-MdFUSB
041 _aspa
100 1 _aAnónimo
245 1 0 _aDeclaración de Santiago
300 _aVolumen 29. Número 65 (1997), Páginas 69-74
_c22 cm.
546 _aTexto en español
773 0 _tBoletín Teológico
_049507
_961439
_gVolumen 29. Número 65 (1997), Páginas 69-74
_qPágina 69
942 _cANA